000 00578nam a2200169 i 4500
001 89615
003 ES-MaACL
005 20230906180231.0
007 t|
008 050111s1913 fr ||||1| fre d
100 1 _aLasserre, Pierre.
_970470
245 1 3 _aLa doctrine officielle de l'Université
_b: critique du haut enseignement de l'état. Défense et théorie des humanités classiques /
_cPierre Lasserre.
260 _aParís :
_bMercure de France,
_c1913.
300 _a506 p. ;
_c18 cm.
650 _aEnseñanza superior-
_zFrancia.
_9154616
852 _aES-MaACL
_jD-5176
999 _c89615
_d89615